Statistics for European Countries by Northernmost Point on Land, with an Empty Map

Click here to take the quiz!

General Stats

  • This quiz has been taken 2,056 times
  • The average score is 25 of 45

Answer Stats

Country % Correct
Russia
100%
Norway
99%
Finland
97%
Sweden
97%
Iceland
96%
United Kingdom
95%
Estonia
94%
Latvia
94%
Denmark
93%
Lithuania
92%
Belarus
90%
Germany
87%
Ireland
86%
Poland
86%
Netherlands
85%
Ukraine
82%
Belgium
80%
France
76%
Czech Republic
74%
Luxembourg
71%
Slovakia
68%
Austria
66%
Hungary
60%
Moldova
50%
Romania
49%
Switzerland
48%
Liechtenstein
44%
Italy
42%
Slovenia
40%
Croatia
38%
Serbia
37%
Bosnia and Herzegovina
35%
Bulgaria
28%
San Marino
24%
Spain
20%
Monaco
16%
Montenegro
15%
Kosovo
13%
Andorra
13%
Albania
11%
Macedonia
10%
Malta
10%
Portugal
9%
Greece
9%
Vatican City
8%

Score Distribution

Percentile by Number Answered

Percent of People with Each Score

Your Score History

You have not taken this quiz